000 00602nmm a2200193Ia 4500
008 251105s9999||||xx |||||||||||||||||und||
020 _a9786077451686
041 _aspa
100 _aWinocur Iparraguirre, Rosalía
245 0 _aRedes sociodigitales en México
264 _a[México D.C., Mexico] :
_bFondo de Cultura Económica,
_c2015
300 _a194 páginas
490 _aBiblioteca Mexicana
650 _aSociology
700 _aWinocur Iparraguirre, Rosalía
700 1 _a Sánchez Martínez, José Alberto
856 _uhttps://public.digitaliapublishing.com/a/64983
942 _cCF
999 _c72627
_d72627